Culture Générale - Série 2175 - Statistiques

Statistiques générales
  • Ce quiz a été pris 109 fois
  • Le résultat moyen est 5 sur 10
Statistiques - réponses
Question Réponse % Correct
Fixer son choix sur quelqu'un ou quelque chose, c'est "jeter son ... sur dévolu
96%
Selon le proverbe, qui dépasse souvent la fiction ? réalité
87%
Quel était l'instrument de musique de prédilection de Niccolò Paganini ? violon
76%
Qui a écrit Shining en 1977 - adapté au cinéma par Stanley Kubrick ? prénom et nom Stephen King
70%
Quelle actrice f'rançaise prénommée Sylvie interprète Amélie, dans le film d'Alain Corneau de 2003 "Stupeur et tremblements", et dont l'action se déroule au Japon dans une entreprise ? Sylvie Testud
51%
Sous quel prénom et nom connaissait-on mieux l'actrice française Marie-José Benhalassa (1940-2019) ? voir photo Marie-José Nat
47%
De quel pays est originaire le cheval de Przewalski ? Mongolie
28%
Manche qui s'étend en une seule pièce jusqu'à l'encolure, laissant une couture diagonale allant des aisselles à la clavicule raglan
26%
Au volley-ball comment appelle-t-on plus communément l'attaquant, aussi appelé « joueur à la technique » ? pointu
6%
C'est un bateau à voile caractéristique de la Méditerranée et un village de Martinique situé sur la presqu'île de la Caravelle tartane
0%
Aucun quiz correspondant
Distribution des résultats
% des personnes avec chaque résultat
Percentile par nombre de réponses
Votre historique - résultats
Vous n’avez pas pris ce quiz